[Event "IECC CL3-2001.19"]
[Site "IECC email"]
[Date "2001.05.25"]
[Round "?"]
[White "Filatov, Andrey"]
[Black "Graff, John V"]
[Result "0-1"]
[WhiteElo "1800"]
[BlackElo "2005"]
[PlyCount "70"]
[EventDate "2001.??.??"]
[EventType "tourn (corr)"]
[EventRounds "4"]
[SourceTitle "Corr 2008"]
[Source "ChessBase"]
[SourceDate "2008.06.24"]
[SourceVersion "1"]
[SourceVersionDate "2008.06.24"]
[SourceQuality "1"]

1. e4 c6 2. d4 d6 3. c3 Nf6 4. Bd3 Nbd7 5. Nf3 e5 6. 0-0 h6 7. Nbd2 Be7 8. Re1 0-0 9. Nf1 Re8 10. Ng3 Qc7 11. h3 Nf8 12. Nh4 Be6 13. Ngf5 Bd8 14. f4 exd4 15. cxd4 Ng6 16. Nxg6 fxg6 17. Nh4 Bf7 18. Nf3 Qd7 19. Qc2 Bb6 20. Be3 Re7 21. Bd2 Rf8 22. Kh2 Be6 23. g4 c5 24. Be3 Rc8 25. dxc5 Bxc5 26. Bxc5 Rxc5 27. Qg2 Bc4 28. Bc2 Bf7 29. Nd4 Qe8 30. Rad1 Bd5 31. Nb3 Rc4 32. Qe2 Qf7 33. Na5 Nxe4 34. Nxc4 Qxf4+ 35. Kg1 Ng5 0-1